Erfurter Straßenbahnhaltestellen - Statistics

General Stats
  • This quiz has been taken 64 times
  • The average score is 63 of 131
Answer Stats
Linie Answer % Correct
1 | 2 | 3 | +3 others Anger
94%
1 | 3 | 4 | +2 others Hauptbahnhof
94%
3 | 4 | 6 Fischmarkt/Rathaus/Touristinformation
85%
5 Roter Berg
79%
4 Domplatz Süd
76%
6 Rieth
76%
3 | 6 Domplatz Nord
73%
1 | 3 Europaplatz
70%
2 Marcel-Breuer-Ring
70%
3 | 4 Abzweig Wiesenhügel
67%
2 | 4 Gothaer Platz
67%
2 P + R-Platz Messe
67%
4 Wiesenhügel
67%
5 Zoopark
67%
6 Berliner Str.
64%
2 Messe
64%
5 August-Frölich-Str.
61%
4 Flughafen/Airport
61%
1 Thüringenhalle
61%
3 | 6 Universität
61%
1 | 6 Vilniuser Str.
61%
1 | 3 Warschauer Str.
61%
3 | 4 Agentur für Arbeit/Stadion Ost
58%
2 Greifswalder Str.
58%
1 | 6 Kaffeetrichter
58%
1 Landtag/Stadion Nord
58%
2 Leipziger Platz
58%
1 Mittelhäuser Str.
58%
3 | 4 Robert-Koch-Str.
58%
3 Urbicher Kreuz
58%
2 ega
55%
4 Hauptfriedhof
55%
1 | 5 Lutherkirche/SWE
55%
1 Mainzer Str.
55%
6 Steigerstr.
55%
1 | 5 Augustinerkloster
52%
6 Hochheimer Str.
52%
3 | 6 Klinikum
52%
2 Ringelberg
52%
1 | 5 Stadtmuseum/Kaisersaal
52%
3 | 6 Bergstr.
48%
4 Theater
48%
3 | 6 Webergasse/Andreaskirche
48%
3 | 6 Baumerstr.
45%
2 Krämpfertor
45%
1 | 3 Thüringen-Park
45%
4 Bindersleben
42%
2 Hirschgarten
42%
1 | 5 Ilversgehofener Platz
42%
1 | 3 Straße der Nationen
42%
1 Landtag/IHK
39%
5 Grubenstr.
36%
3 | 6 Riethstr.
36%
1 | 5 Salinenstr.
36%
1 | 5 Boyneburgufer
33%
2 mdr/Kinderkanal
33%
3 | 4 Tschaikowskistr.
33%
2 Angerbrunnen
30%
2 Brühler Garten
30%
2 Hanseplatz/FH
30%
2 | 4 S-Finanzzentrum
30%
3 | 4 Sozialversicherungszentrum
27%
3 | 4 Am Schwemmbach
24%
2 Bautzener Weg
24%
4 Bundesarbeitsgericht
24%
4 Justizzentrum
24%
2 Karl-Marx-Platz
24%
3 Katholisches Krankenhaus
24%
3 Windischholzhausen/X-FAB
24%
5 An der Lache
21%
2 Krämpfer Gärten
21%
2 Lange Brücke
21%
3 Melchendorf
21%
3 Melchendorfer Markt
21%
4 Am Kreuzchen
18%
3 | 4 Blücherstr.
18%
5 Bunsenstr.
18%
2 Gorkistr.
18%
6 Milchinselstr.
18%
4 Orionstr.
18%
4 Volkenroder Weg
18%
1 Wendenstr.
18%
3 Drosselberg
15%
4 Gamstädter Weg
15%
1 Humboldtstraße
15%
4 Büroüpark AIRFURT
12%
6 Puschkinstr.
12%
4 Färberwaidweg
6%
4 Nibelungenweg
6%
2 Wagenfeldstr.
6%
5 Wendenstraße
6%
4 Berufsschulen
3%
No matching quizzes found
Score Distribution
Percent of People with Each Score
Percentile by Number Answered
Your Score History
You have not taken this quiz